000 00592cam a22002053a 4500
001 45454
003 PGUSA
005 20140828084042.0
008 140422s2014||||xxu|||||s|||||000 | eng d
040 _aPGUSA
_beng
042 _adc
100 1 _aSpindler, Karl
245 1 0 _aGun running for Casement in the Easter rebellion, 1916
_h[electronic resource] /
_cKarl Spindler
260 _bProject Gutenberg,
_c2014
506 _aPublic domain in the USA.
516 _aElectronic text
830 0 _aProject Gutenberg
_v45454
856 4 0 _uhttp://www.gutenberg.org/ebooks/45454
942 _cEB
999 _c274705
_d274705